1434 1599 1261 1442 1086 1644 1459 1071 1315 1692 1032 1894 1789 1937 1904 1515 1727 1557 1740 1422 1952 1026 1763 1455 1554 1154 1253 1649 1309 1200 1805 1550 1830 1520 1106 1396 1008 1468 1520 1849 1070 1660 1050 1366 1894 1572 1282 1230 1229 1682 1692 1394 1501 1471 1786 1095 1323 1180 1063 1733 1113 1656 1426 1507 1636 1991 1267 1027 1246 1790 1820 1889 1641 1516 1615 1662 1553 1123 1203 1635 1820 1166 1009 1857 1694 1288 1532 1656 1245 1877 1420 1588 1855 1953 1342 1897 1212 1249 1256 BCNSPRNW ULIB Ver.6.0+V

เปลี่ยนเป็นภาษาไทย

Change to English
 แสดงรายละเอียดบรรณานุกรม
  กลับหน้าหลัก

Brief Record : Get Marc (ISO 2709) : E-mail record : QR code < ปิดหน้าต่าง
LEADER : 00000nam 2200000uu 4500
001    13399126741
003     ULIB
008    020711s2019 th a 000 0 eng d
020    ^a9781496398260
060    ^aWY49^bS631W
100    ^aSlachta,Patricia A.
245    ^aWOUND CARE MADE INCREDIBLY VISUAL
250    ^a3rd ed
260    ^aPhiladelphia :^bWolters Kluwer,^c2019
300    ^a224 pages;^c26 cm
650    ^aWounds and Injuries^xnursing
650    ^aHandbooks
650    ^aAtlases
945    ^p1538^l0^i005406
999    ^aประนอม เกษจรัล
รายการนี้ยังไม่มีแท็ก
คุณยังไม่ได้ล็อกอิน คุณสามารถมีกิจกรรมร่วมกับเว็บไซต์ได้ แต่ต้องล็อกอินก่อน ::
  ล็อกอิน

รายการสื่อสารสนเทศ

ลำดับที่ ประเภท เลขเรียก/บาร์โค้ด สถานที่ สถานะ
1. Book การพยาบาล
หนังสือสำรอง
สถานะ=หนังสือสำรอง
WY49 S631W ฉ.1 
  Barcode: 005406
ห้องสมุดวิทยาเขตสวรรค์ประชารักษ์
►หนังสือทั่วไป
บนชั้น

รายการใกล้เคียง
    หัวเรื่อง [Handbooks]
    หัวเรื่อง [Atlases]

BibComment


ยังไม่เคยถูกคอมเมนท์

คอมเมนท์ทรัพยากรรายการนี้
  คอมเมนท์: WOUND CARE MADE ..


 Copyright 2026. Bcnsprnw @Library